000 02481cam a22003134a 4500
005 20250605164332.0
008 250528s ||||||||||||||||||||||||d
035 _a23265
020 _a9789604892914
040 _aGR-AtMCL
_bgre
_dGR-AtMCL
_eAACR2
245 1 _aΦυσιολογία της Άσκησης και του Αθλητισμού
250 _a
260 _bΠ.Χ. Πασχαλίδης - Broken Hill Publishers Ltd,
_c2011
300 _a734
520 _aΠρόλογος, Εισαγωγή στη Φυσιολογία της Άσκησης και του Αθλητισμού, Οι Βασικές Αρχές της Κίνησης, Οι Μύες και η Λειτουργία τους, Νευρολογικός Έλεγχος της Κίνησης, Νευρομυϊκές Προσαρμογές με την Προπόνηση Αντιστάσεων, Ενέργεια και Κίνηση, Μεταβολισμός και Βασικά Ενεργειακά Συστήματα, Άσκηση και Ορμονική Ρύθμιση, Προπόνηση και Μεταβολικές Προσαρμογές, Καρδιαγγειακή και Αναπνευστική Λειτουργία και Απόδοση, Καρδιαγγειακός Έλεγχος κατά τη Διάρκεια της Άσκησης, Ρύθμιση της Αναπνοής κατά τη Διάρκεια της Άσκησης, Προσαρμογή του Καρδιαγγειακού και Αναπνευστικού Συστήματος με την Προπόνηση, Περιβαλλοντικές Επιδράσεις στην Απόδοση, Άσκηση σε Θερμό και Ψυχρό Περιβάλλον: Θερμορύθμιση, Άσκηση σε Υποβαρικό Περιβάλλον και Υπερβαρικό Περιβάλλον και Περιβάλλον Μικροβαρύτητας.
700 1 _aCostill David L
_98856
700 1 _aWilmore Jack H
_98857
700 1 _aΑναστασόπουλος Δημήτριος
_98858
700 1 _aΚαπρέλη Ελένη
_98859
700 1 _aΚουτσιλιέρης Μιχαήλ
_98860
700 1 _aΜαριδάκη Μαρία
_98861
700 1 _aΜολυβδάς Πασχάλης
_98862
700 1 _aΝικολέτος Νικόλαος
_98863
700 1 _aΤοκμακίδης Σάββας
_98864
700 1 _aΧανιώτης Δημήτριος
_98865
942 _cBK
999 _c8294
_d8294